|
|
|
|
| LEADER |
00564cam a2200169 7i4500 |
| 001 |
0000027220 |
| 005 |
20120111090000.0 |
| 022 |
0 |
0 |
|a 02176009
|
| 090 |
0 |
0 |
|a SING 338.7025
|b TIM
|
| 245 |
0 |
0 |
|a Times business directory of Singapore (buku merah) 2011.
|
| 250 |
0 |
0 |
|a 130th ed.
|
| 260 |
0 |
0 |
|a Singapore:
|b Marshall Cavendish Business Information,
|c 2011.
|
| 300 |
# |
# |
|a 713 p.
|
| 650 |
0 |
0 |
|a Commerce --
|x Directories --
|z Singapore
|
| 650 |
0 |
0 |
|a Industries --
|x Directories --
|z Singapore
|
| 651 |
0 |
0 |
|a Singapore
|
| 999 |
|
|
|a B000029900
|b Directories
|c Countries
|e Business Information Centre
|